000 00435nam a2200181Ia 4500
999 _c17918
_d17918
003 0100
005 20190722111914.0
008 130303s9999 xx 000 0 und d
040 _cARRUPELIB
050 _aHN780.Z4A37 1996
245 _aAfrica now
245 _bPeople, policies and Institutions
260 _aLondon
_bPortsmouth New Hampshire
_c1996
300 _axxii
300 _b 293p. 24cm.
650 _aAfrica
_xSocial conditions
_927881
650 _aAfrica
_xEconomic conditions
_924655
700 _aEllis, Stephen ed.
_947380
942 _2lcc
_cMONOGRAPH